000
00352 a2200169 4500
001
56425
020
_a
8526253603
040
_c
Anchieta - Pituba
100
_a
Claro, Majori
240
1
0
_a
A conspiração
_l
por
245
1
0
_a
A conspiração
300
_a
88
362
0
_a
2004
440
1
_a
Scipione
650
4
_a
Literatura juvenil
942
_c
BK
999
_c
56425
_d
56425